00697nam a22001337a 4500008004100000020001500041082001800056100003100074245005600105260023900161300001800400440002100418650012400439180825b xxu||||| |||| 00| 0 eng d a9709703587 a709.72bG897f aGuadarrama, Guillermina U. aEl Frente Nacional de Artes Plásticas (1952-1962) aMéxicobInstituto Nacional de Bellas Artes y LiteraturabCentro Nacional de las Artes bCentro Nacional de Investigación, Documentación e Información de Artes Plásticas (CENIDIAP)bEstampa Artes Gráficas S.A. de C.V.c2012 a23 p.c21 cm. aEnsayos Abrevian 2Arte modernoxArtes Plásticas - MéxicoxFrente Nacional de Artes Plásticas - MéxicozArte - historia - México